Football - L'Ouzbékistan et le foot - Statistiques

Statistiques générales
  • Ce quiz a été pris 16 fois
  • Le résultat moyen est 3 sur 10
Statistiques - réponses
Hint Réponse % Correct
L'équipe nationale de l'Ouzbékistan a t-elle déjà participé à une phase finale de Coupe du Monde ? Non
80%
Quel défenseur ouzbek vient de signer à Manchester City en provenance du RC Lens ? Abdulkodir KHUSANOV
73%
En quelle année l'Ouzbékistan joue son premier match officiel en tant que pays indépendant de l'URSS ? 1992
40%
Quel joueur ouzbek évolue depuis 2020 en Serie A dans les clubs suivants : Cagliari, Genoa, Roma et Spezia ? Eldor SHOMURODOV
40%
Citez une des trois équipes qui composaient le groupe de l'Ouzbékistan aux JO de Paris 2024. Espagne, Egypte et République Dominicaine
27%
Quel Ballon d'Or a évolué pendant trois ans au sein du championnat ouzbek ? RIVALDO
27%
Quel est le surnom de l'équipe nationale de l'Ouzbekistan ? (Oq bo'rilar en ouzbek) Les Loups Blancs
13%
Quel est le classement FIFA de l'équipe nationale de l'Ouzbékistan au 20/01/2025 ? 58ème
7%
Quel est le nom du projet destiné à faire de l'Ouzbékistan une place forte du football asiatique ? Ouzbékistan 2030
7%
Quel club ouzbek détient le record de titres du championnat ? Pakhtator Tashkent
7%
Aucun quiz correspondant
Distribution des résultats
% des personnes avec chaque résultat
Percentile par nombre de réponses
Votre historique - résultats
Vous n’avez pas pris ce quiz